| 000 | 00607nam a2200217 4500 | ||
|---|---|---|---|
| 003 | OSt | ||
| 005 | 20260601193854.0 | ||
| 008 | 260506b1998 |||a|||| |||| 00| 0ceng d | ||
| 020 | _a2880463769 | ||
| 040 |
_aICI _bspa _cICI |
||
| 050 |
_aNK1505 _bF57 |
||
| 100 | 1 |
_aBryars, Mel _932781 |
|
| 245 | 1 |
_a50 Products: _bInnovations in Design and Materials _cMel Byars |
|
| 264 |
_bPro Design Series Rotovision _c1998 _aNew York |
||
| 300 | _a158 páginas | ||
| 336 |
_atexto _2rdacontent |
||
| 337 |
_asin medio _2rdamedia |
||
| 338 |
_avolumen _2rdacarrier |
||
| 650 | _aDiseño industrial | ||
| 942 |
_2ddc _cB _n1 |
||
| 999 |
_c21981 _d21981 |
||